Normal view
MARC view
- Worley, Marvin L
Entry Personal Name
001 - CONTROL NUMBER
- control field: 48769
003 - CONTROL NUMBER IDENTIFIER
- control field: NUST
005 - DATE AND TIME OF LATEST TRANSACTION
- control field: 20210314134133.0
008 - FIXED-LENGTH DATA ELEMENTS
- fixed length control field: 210314|| aca||aabn | a|a d
040 ## - CATALOGING SOURCE
- Original cataloging agency: NUST
- Transcribing agency: NUST
100 ## - HEADING--PERSONAL NAME
- Personal name: Worley, Marvin L
670 ## - SOURCE DATA FOUND
- Source citation: Work cat.: (NUST): Worley, Marvin L., A digest of new developments in Army weapons, tactics, organization and equipment., [1958]
